| 000 | 00477nam a2200121Ia 4500 | ||
|---|---|---|---|
| 008 | 171212s9999 xx 000 0 und d | ||
| 020 | _a9780833086914 | ||
| 100 | _aHunt, Priscillia;Saunders, Jessica;Hollywood, John S. | ||
| 245 |
_cHunt, Priscillia;Saunders, Jessica;Hollywood, John S. _aEvaluation of the Shreveport Predictive Policing Experiment |
||
| 260 |
_bRAND Corporation _c2014 |
||
| 650 | _aGeneral Science | ||
| 856 | _uhttp://www.jstor.org/stable/10.7249/j.ctt14bs27t | ||
| 999 |
_c352054 _d352054 |
||